Hemorrhoidal disease and spices: A real link or a figment of the imagination? (notice n° 1742491)
[ vue normale ]
| 000 -LEADER | |
|---|---|
| fixed length control field | 01460cam a2200229 4500500 |
| 005 - DATE AND TIME OF LATEST TRANSACTION | |
| control field | 20260322004723.0 |
| 041 ## - LANGUAGE CODE | |
| Language code of text/sound track or separate title | fre |
| 042 ## - AUTHENTICATION CODE | |
| Authentication code | dc |
| 100 10 - MAIN ENTRY--PERSONAL NAME | |
| Personal name | Soulabaille, Audrey |
| Relator term | author |
| 245 00 - TITLE STATEMENT | |
| Title | Hemorrhoidal disease and spices: A real link or a figment of the imagination? |
| 260 ## - PUBLICATION, DISTRIBUTION, ETC. | |
| Date of publication, distribution, etc. | 2024.<br/> |
| 500 ## - GENERAL NOTE | |
| General note | 69 |
| 520 ## - SUMMARY, ETC. | |
| Summary, etc. | Given its prevalence among the general population and the major impact it has on patients’ quality of life, hemorrhoidal disease is a real topic of public interest. On a daily basis, doctors are faced with patients’ questions about the existence of potential triggering factors and, in particular, the role of spicy food in preventing and managing attacks. Despite the paucity of literature and the many complex physiopathology factors involved, this mini review takes stock of current knowledge on the potential link between hemorrhoidal disease and spices, in an attempt to unravel the myth from the reality of this commonly accepted relationship. |
| 700 10 - ADDED ENTRY--PERSONAL NAME | |
| Personal name | Alam, Amine Antonin |
| Relator term | author |
| 700 10 - ADDED ENTRY--PERSONAL NAME | |
| Personal name | Barré, Amélie |
| Relator term | author |
| 700 10 - ADDED ENTRY--PERSONAL NAME | |
| Personal name | Pommaret, Élise |
| Relator term | author |
| 700 10 - ADDED ENTRY--PERSONAL NAME | |
| Personal name | Benfredj, Paul |
| Relator term | author |
| 700 10 - ADDED ENTRY--PERSONAL NAME | |
| Personal name | Fathallah, Nadia |
| Relator term | author |
| 700 10 - ADDED ENTRY--PERSONAL NAME | |
| Personal name | Parades, Vincent |
| Relator term | author |
| 786 0# - DATA SOURCE ENTRY | |
| Note | Hépato-Gastro & Oncologie Digestive | 31 | 7 | 2024-09-25 | p. 672-677 | 2115-3310 |
| 856 41 - ELECTRONIC LOCATION AND ACCESS | |
| Uniform Resource Identifier | <a href="https://stm.cairn.info/journal-hepato-gastro-oncologie-digestive-2024-7-page-672?lang=en&redirect-ssocas=7080">https://stm.cairn.info/journal-hepato-gastro-oncologie-digestive-2024-7-page-672?lang=en&redirect-ssocas=7080</a> |
Pas d'exemplaire disponible.




Réseaux sociaux